000 00782nmc a2200289 a 4500
003 AR-BaBNM
005 20251128210107.0
008 209019s1991 ||||||||||||||000 | spa||
020 _a950-524-039-2
040 _cAR-BaBNM
100 1 _aDe Martino, Carlos
245 1 0 _aManual de campamento
250 _a4ª ed.
260 _aBuenos Aires
_bEdiciones Lidiun
_c1991
300 0 _a192 p.
_bil.
490 0 _aDeportes y gimnasia
504 _aBibliografía p. 191-192
650 4 _aACTIVIDADES DE TIEMPO LIBRE
650 4 _aACTIVIDADES AL AIRE LIBRE
650 4 _aACTIVIDADES RECREATIVAS
650 4 _aACTIVIDADES EN GRUPO
650 4 _aJUEGOS EDUCATIVOS
653 0 _aCAMPAMENTOS EDUCATIVOS
800 1 _aMorinigo, M. Alberto
942 _cBK
998 _cCarmen
999 _c14013
_d14013